Zinsser. (Registro nro. 579)

Detalles MARC
000 -LEADER
fixed length control field 01095 am a2200337 a 4500
005 - FECHA ULTIMA MODIFICACION
control field 20240215114927.0
008 - CAMPO DE CONTROL (LIBRO)
fixed length control field 100806s1998||||ag a f |||| 001 0 spa d
020 ## - INTERNATIONAL STANDARD BOOK NUMBER
ISBN 9500626152
041 ## - CODIGO DE IDIOMA
Código de idioma del texto/pista de sonido o título separado spa
092 ## - SIGNATURA TOPOGRAFICA DEWEY LOCAL
número de clasificación 616.01
libristica 98
sección ZIN
245 ## - TITULO PROPIAMENTE DICHO
Título Zinsser.
Subtítulo y Título paralelo Microbiología /
Mención de responsabilidad y remanente de la transcripción de la portada Wolfgang K. Joklik
250 ## - MENCION DE EDICION
Mención de edición 20a ed. 4a reimp /
Mención de responsabilidad relacionada con la ed. Traducción Marta Boxaca ; Nora Meeroff y Karen Mikkelsen.
260 ## - PIE DE IMPRENTA
Lugar de publicación, distribución, etc Buenos Aires:
Nombre de la editorial, distribuidor, etc Editorial Médica Panamericana;
Fecha de publicación 1998.
300 ## - DESCRIPCION FISICA
Extension 1696 p.
500 ## - NOTA GENERAL
Nota general Joklik, W. K. et al. (1998). Zinsser. Microbiología. (2a ed.). Buenos Aires : Editorial Médica Panamericana.
653 ## - TÉRMINO INDIZADO - PALABRAS CLAVES
Palabra clave Fisiología bacteriana
653 ## - TÉRMINO INDIZADO - PALABRAS CLAVES
Palabra clave Inmunología
653 ## - TÉRMINO INDIZADO - PALABRAS CLAVES
Palabra clave Bacteriología médica
653 ## - TÉRMINO INDIZADO - PALABRAS CLAVES
Palabra clave Virología básica
653 ## - TÉRMINO INDIZADO - PALABRAS CLAVES
Palabra clave Virología clínica
653 ## - TÉRMINO INDIZADO - PALABRAS CLAVES
Palabra clave Micología médica
653 ## - TÉRMINO INDIZADO - PALABRAS CLAVES
Palabra clave Parasitología médica
700 1# - ENTRADAS SECUNDARIAS - NOMBRE PERSONAL
Nombre personal Joklik, Wolfgang K.
9 (RLIN) 849
700 1# - ENTRADAS SECUNDARIAS - NOMBRE PERSONAL
Nombre personal Willett, Hilda P.
9 (RLIN) 850
700 1# - ENTRADAS SECUNDARIAS - NOMBRE PERSONAL
Nombre personal Amos, D. Bernard.
9 (RLIN) 851
700 1# - ENTRADAS SECUNDARIAS - NOMBRE PERSONAL
Nombre personal Wilfert, Catherine M.
9 (RLIN) 852
930 ## - NUMERO DE INVENTARIO
Número de inventario 1023
930 ## - NUMERO DE INVENTARIO
Número de inventario 1022
930 ## - NUMERO DE INVENTARIO
Número de inventario 620
942 ## - ADDED ENTRY ELEMENTS (KOHA)
Source of classification or shelving scheme Dewey Decimal Classification
Item type Libros
Existencias
Estado de retiro Existencia Fuente de clasificación Estado general No para prestamo Ubicación permanente ubicación actual Sala de ubicación Fecha de adquisición Total Checkouts Número de clasificación Código de barras Date last seen Date last borrowed Número de ejemplar Price effective from Koha tipo de elemento (item) Public note Coded location qualifier Colección
    Dewey Decimal Classification     Biblioteca Medicina Biblioteca Medicina Circulación 13/05/2011 1 616.01 98 ZIN 1023 06/11/2014 15/02/2012 ej.3 13/05/2011 Libros Baja 2017 (Caja 11)    
    Dewey Decimal Classification     Biblioteca Medicina Biblioteca Medicina Circulación 13/05/2011 6 616.01 98 ZIN 1022 14/04/2016 14/04/2016 ej.2 13/05/2011 Libros Baja 2017 (Caja 11)    
    Dewey Decimal Classification     Biblioteca Medicina Biblioteca Medicina Referencia 13/05/2011   616.01 98 ZIN 620 06/11/2014   ej.1 13/05/2011 Reference LIBRO DE CONSULTA Baja 2017 (Caja 11)   Reference

UNIVERSIDAD NACIONAL DEL COMAHUE
Biblioteca de la Facultad de Ciencias Médicas
Sede Toschi: Los Arrayanes y Av. Toschi, Cipolletti  - Rio Negro
Sede Los Tordos:  Yrigoyen al 2211, Cipolletti - Rio Negro 

Teléfono: 0299 - 4774707 int 25
Contacto: biblioteca@facimed.uncoma.edu.ar
© 2011 - 2026